Movies Quiz

Random Movies or Year Quiz

Poster Portions (2000) Quiz Stats

 Plays Quiz Updated Nov 17, 2017

Challenge
Share
Tweet
Score 0/40 Timer 08:00
0 Plays Today
% Correct
How the Grinch Stole Christmas
97.7%
Gladiator
86.7%
Scary Movie
85.4%
Chicken Run
84.7%
Charlie's Angels
83.8%
The Nutty Professor II: The Klumps
78.1%
Dude, Where's My Car?
76%
X-Men
75.8%
The Emperor's New Groove
75%
Bring It On
74.3%
Crouching Tiger, Hidden Dragon
73.1%
Memento
70.3%
Meet the Parents
67.9%
Erin Brockovich
67.4%
O Brother, Where Art Thou?
66.7%
Almost Famous
65.8%
Chocolat
65.8%
American Psycho
61.3%
Mission: Impossible II
60.6%
Me, Myself & Irene
58.3%
% Correct
Shanghai Noon
55.8%
Cast Away
49.4%
Snatch
48.8%
Gone in 60 Seconds
46.5%
The Whole Nine Yards
46%
High Fidelity
43.6%
Best in Show
39.3%
Dinosaur
35.3%
The Beach
34.8%
Traffic
28.4%
Space Cowboys
24.9%
Billy Elliot
24.3%
Finding Forrester
19%
Final Destination
18.3%
Nurse Betty
16.4%
Pollock
15%
The 6th Day
14.9%
My Dog Skip
13.8%
Quills
11.4%
Small Time Crooks
5.3%

You're not logged in!

Compare scores with friends on all Sporcle quizzes.
Join for Free
OR
Log In

You Might Also Like...

Show Comments

Extras

Top Quizzes Today


Score Distribution

Your Account Isn't Verified!

In order to create a playlist on Sporcle, you need to verify the email address you used during registration. Go to your Sporcle Settings to finish the process.

Report this User

Report this user for behavior that violates our Community Guidelines.

Details: